| 000 | 00997nam a2200229Ia 4500 | ||
|---|---|---|---|
| 003 | OSt | ||
| 005 | 20211207092151.0 | ||
| 008 | 210310s1984 wauad gr 000 0 spa d | ||
| 040 |
_aCO-JMCR _cCO-JMCR |
||
| 041 | 0 | _aspa | |
| 082 | 0 | 4 |
_a336.3435 / _bB213d _223 |
| 110 | 2 |
_aBanco Interamericano de Desarrollo _eautor _96750 |
|
| 245 | 1 | 3 |
_aLa deuda externa y el desarrollo económico de américa latina : _bantecedentes y perspectivas / _cBanco Interamericano de Desarrollo |
| 260 |
_aWashington : _bBanco Interamericano de Desarrollo, _c1984. |
||
| 300 |
_a230 páginas : _bilustraciones y gráficas blanco y negro ; _c24 cm. |
||
| 501 | _aCon: notas a pie de páginas | ||
| 505 | 0 | _aResuenen y conclusiones. -- Proyecciones macroeconómicas. -- Perspectivas de las exportaciones latinoamericanas. | |
| 650 | 1 | 4 |
_aFactores externos _xDeuda externa _941753 |
| 650 | 2 | 4 |
_aProblema de la deuda _xDeuda externa _941754 |
| 650 | 2 | 4 |
_aCrecimiento económico _xDeuda externa _941755 |
| 942 |
_2ddc _cBK |
||
| 999 |
_c12830 _d12830 |
||